000 00558nam a22002177a 4500
001 11722
003 BD-RjUL
005 20211208235155.0
008 140127s1951 n bdc|| |||| 001 0 eng d
035 _a(BD-RjUL)11771
040 _aBD-RjUL
_beng
_cBD-RjUL
041 _aeng
082 0 4 _a575
_bSHE
100 1 _aShull,Franklin A
_936268
245 _aEvolution /
_c,Franklin, A Shull
250 _a2nd ed
260 _aNew York ;
_aLondon :
_bMcGraw-Hill ,
_cc1951
300 _aix,322p. :
_bill. ;
_c22cm.
504 _aIncludes Index
942 _2ddc
_cBK
999 _c11722
_d11722